000 00466nmm a2200169Ia 4500
008 251105s9999||||xx |||||||||||||||||und||
041 _aspa
100 _aBonnano, Antonio
245 0 _aExpreso de medianoche
264 _a[Madrid, España] :
_bEdiciones B,
_c2015
300 _a368 páginas
650 _aThriller & Suspense
700 _aBonnano, Antonio
700 1 _a Hayes, Billy
856 _uhttps://public.digitaliapublishing.com/a/53344
942 _cCF
999 _c63000
_d63000